| 000 | 01448nam a2200409 i 4500 | ||
|---|---|---|---|
| 001 | 193088 | ||
| 003 | SpMaBN | ||
| 005 | 20240708063024.0 | ||
| 007 | ta | ||
| 008 | 230727s2021 sp | |||| 000 p spa | ||
| 015 | _aMON21 | ||
| 017 |
_aM 9152-2021 _bOficina Depósito Legal Madrid |
||
| 020 | _a9788477316596 | ||
| 035 | _aa7044694 | ||
| 040 |
_aSpMaBN _bspa _cSpMaBN _erda _dES-MaACL |
||
| 080 | _a821.134.2-14"19" | ||
| 100 | 1 |
_aDíez Serrano, Isabel _944650 _eaut |
|
| 245 | 1 | 4 |
_aLas cenizas del amor / _cIsabel Díez Serrano |
| 250 | _aPrimera edición: 2021 | ||
| 264 | 1 |
_aMadrid : _bEdiciones Endymion, _c[2021] |
|
| 264 | 4 | _c©2021 | |
| 300 |
_a93 páginas ; _c21 cm |
||
| 336 |
_aTexto _2rdacontent |
||
| 337 |
_asin mediación _2rdamedia |
||
| 338 |
_avolumen _2rdacarrier |
||
| 490 | 1 | _aPoesía (Ediciones Endymion) | |
| 500 | _aCatalogación provisional. Signatura: N 8577. Depósito J. | ||
| 655 | 7 |
_aPoesías _2tgfbne _9176539 |
|
| 830 |
_aPoesía (Ediciones Endymion) _9191744 |
||
| 852 |
_aES-MaACL _9200394 _bR.153042 _jN-8577 _cDEPOJ _zEn proceso _gDedicatoria autógrafa de la autora _hDonación: Isabel Díez Serrano |
||
| 903 |
_944650 _aDíez Serrano, Isabel _ednr |
||
| 942 |
_n0 _cMONOGRAFIA |
||
| 999 |
_c193088 _d193088 |
||